00493nam a2200193 a 4500001001300000003000900013005001700022008004100039020001000080082001300090100002300103245002900126260004500155300000900200500003500209505001000244650002200254700002300276nice12345678IN_TiNIC20260116011653.0050524s1913 newa grp 000 0 eng  ac10000a226bMOF aMoffatt, James D D aTheology of the Gospels. aNew YorkbCharles Scribner`s Sons,c1913 a220p aincludes index and biblioraphy2 aIndex aBible N.T. Gospel1 aMoffatt, James D D